Rollercoastery w Energylandii - Rozpoznaj po Zdjęciu - Statystyki

Ogólne statystyki
  • Ten quiz został rozwiązany 63 razy
  • Średni wynik to 11 z 17
Statystyki odpowiedzi
Obrazkowy Odpowiedź % Poprawnych
Zadra
92%
Abyssus
86%
Boomerang
86%
Hyperion
86%
Speed
84%
Energuś
82%
Formuła
82%
Mayan
80%
Dragon
78%
Light Explorers
66%
Frida
64%
Viking
60%
Draken
42%
Mars
40%
Happy Loops
34%
Circus Coaster
32%
Frutti Loop
26%
Nie znaleziono quizów pasujących do podanych kryteriów
Rozkład punktacji
Procent ludzi z każdym wynikiem
Percentyl według liczby udzielonych odpowiedzi
Twoja historia wyników
Nie rozwiązałeś tego quizu